000 00626nam a2200217 a 4500
008
020 _a8170085802 (pbk.)
049 _aMAIN
090 _aTJ163.235
_bSRI
100 1 _aSrinivas, J.
245 1 0 _aHandbook of mechanical engineering /
_cJ. Srinivas.
260 _aNew Delhi :
_bLaxmi Publications,
_c2004.
300 _ax, 403 p. :
_bill. ;
_c24 cm.
500 _aIncludes index.
650 _aEngineering, Mechanical
_xHandbook.
907 _a.b10284916
_b22-11-10
_c04-10-10
003
005 20230123125050.0
040 _cNUST
942 _cBOOKS
_kTJ163.235
_mSRI
999 _c135102
_d135102